Les Roger célèbres - Statistiques

Statistiques générales
  • Ce quiz a été pris 63 fois
  • Le résultat moyen est 4 sur 20
Statistiques - réponses
Par images Réponse % Correct
Roger Federer
93%
Sir Roger Moore
67%
Roger Pierre
43%
Roger Gicquel
37%
Saint Roger de Cannes
37%
Roger Carel
33%
Roger Pingeon
30%
Roger Couderc
24%
Roger De Vlaeminck
17%
Roger Rivière
6%
Roger Waters
6%
Roger Black
4%
Roger Dumas
4%
Roger McGuinn
4%
Roger Van Hool
4%
Roger Coggio
2%
Roger Leloup
2%
Roger Nimier
2%
Roger Caccia
0%
Roger Holeindre
0%
Aucun quiz correspondant
Distribution des résultats
% des personnes avec chaque résultat
Percentile par nombre de réponses
Votre historique - résultats
Vous n’avez pas pris ce quiz